All Drain Gang Songs - Statistics

General Stats
  • This quiz has been taken 228 times
  • The average score is 91 of 250
Answer Stats
hint Answer % Correct
Tiger Vän
88%
Vanilla Sky Vanilla Sky
87%
Icedancer Be Nice 2 Me
85%
Plastic Surgery Plastic Surgery
84%
E Peroxide
82%
Red Light Obedient
79%
E Calcium
73%
Eversince Sugar
73%
Legendary Member Legendary Member
72%
Gluee Deletee (Intro)
71%
Trash Island Western Union
69%
E AAA Powerline
68%
Eversince Who Goes There
68%
The Fool The Fool Intro
66%
Gluee Ebay
65%
Icedancer Mallwhore Freeestyle
65%
The Fool Hotel Breakfast
63%
333 Reality Surf
63%
Gluee Unreal
63%
Eversince Romeo
62%
Crest The Flag Is Raised
62%
Working on Dying Best Buy
61%
Plastic Surgery Doorman
61%
Eversince Lovenote
61%
PXE PXE
61%
Eversince Skin
61%
Working on Dying Cherry Bracelets
60%
Eversince Rip
59%
Crest 5 Star Crest (4 Vattenrum)
57%
The Fool egobaby
57%
PXE In the Flesh
57%
Icedancer Waster
57%
Icedancer Side by Side
56%
Red Light 1D
55%
D&G Black Boy
55%
E Cc
55%
Icedancer SmartWater
55%
E Time
55%
Trash Island 1:1
54%
Icedancer Frosty the Snowman
54%
Plastic Surgery It Suxx
54%
333 Mean Girls
54%
Trash Island Victim
54%
E Blue Eyes
53%
Good Luck God
53%
The Fool BBY
52%
Eversince Bloodveil / Stillborn
52%
Good Luck Drama
52%
Working on Dying Gatekeeper
51%
Red Light I'm Goofy
51%
Good Luck Rainbow
51%
Working on Dying Redlight Moments
51%
E Security!
51%
Crest Girls Just Want to Have Fun
50%
Eversince Xd Out
50%
rip bladee 7-Eleven
49%
Red Light Decay
49%
Icedancer Inside Out
49%
Good Luck | My Fantasy World Intro
49%
Eversince So What
49%
Yin & Yang Yin & Yang
49%
Tiger Diamonds
48%
GTBSG Compilation Diamondz
48%
Exeter Lovestory
48%
Gluee Shadowface
48%
rip bladee Butterfly
47%
Icedancer Jaws
47%
Icedancer OKK
47%
Working on Dying Under Your Spell
47%
Vanilla Sky Birdbath
46%
Gluee Everlasting Flames
46%
Crest Faust
46%
D&G First Crush
46%
Red Light Golden Boy
46%
333 Hero of My Story 3style3
46%
PXE Jalouse
46%
Gluee Safehouse
46%
E Fruit Bleed Juice
45%
rip bladee MJ
45%
Eversince Wrist Cry
45%
rip bladee Psycho
44%
The Fool Trendy
44%
Good Luck You
44%
rip bladee 50SACINMYSOCIDGAF
43%
Icedancer Anything
43%
Working on Dying Backstr€€t Boys
43%
Icedancer Dg Jeans
43%
Exeter Merry-Go-Round
43%
Eversince Missing Person
43%
Gluee Spellbound
43%
Red Light Steve Jobs
43%
E Sugar & Diesel
43%
Icedancer Topman
43%
Crest White Meadow
43%
Trash Island 30th Floor
42%
Working on Dying Lordship
42%
D&G Cinderella
41%
Red Light For You
41%
Icedancer The Silent Boy Cries (Ripsquadd Outro)
41%
Crest Chaos Follows
40%
Gluee Freeze
40%
333 It Girl
40%
Icedancer Linkdin
40%
Eversince Sick
40%
Good Luck Sun
40%
333 Valerie
40%
Red Light Westfield
40%
E Bliss Fields
39%
E Fragile
39%
The Fool Let's Ride
39%
333 Wings in Motion
39%
Crush Resist (CR_2015) 3rd Crush [Crush Resist]
38%
Trash Island Acid Rain
38%
Icedancer Cartier'god Icedancer (Intermission)
38%
Icedancer Close
38%
Legendary Member Lip Service
38%
333 Swan Lake
38%
Trash Island Waterfall
38%
Trash Island You Lose
38%
Lord of the Jewels: Return of the Goon [̲̅$̲̅(̲̅ιοο̲̅)̲̅$̲̅]
37%
Working on Dying D-925
37%
333 Keys to the City
37%
Gluee Upgrade Enabled
37%
D&G Dumpster Baby
36%
Trash Island The Void
36%
AvP Area 51
35%
Exeter DNA Rain
35%
E Don't Ask
35%
D&G GT-R
35%
The Fool I Think...
35%
333 Noblest Strive
35%
GTBSG Compilation Bleach
34%
Exeter Every Moment Special
34%
PXE Big Air
33%
Red Light College Boy
33%
Crest Heaven Sings
33%
Exile Sentence
33%
The Fool desiree
32%
Crest Desire Is a Trap
32%
Icedancer For Nothing
32%
GTBSG Compilation Hold Me Down Like Gravity
32%
The Fool Inspiration Comes
32%
Working on Dying Knightsbridge
32%
Red Light Puppet Master
32%
Icedancer Special Place
32%
AvP Still in Search of Sunshine
32%
Exile Trial
32%
Crest Yeses (Red Cross)
32%
333 100s
31%
Legendary Member Baby
31%
Red Light Hex
31%
Sunset in Silver City I.E.E.
31%
Tiger Moon
31%
Red Light That Thing You Do
31%
The Fool Thee 9 Is Up
31%
Exeter Wonderland
31%
Crush Resist (CR_2015) 1st Crush [Antifreeze]
29%
D&G Botox Lips
29%
Legendary Member Drainstar Rock
29%
Tiger Gtblessgo
29%
Legendary Member IDGAF
29%
Karma Karma
29%
Legendary Member Kiss Me Through the Scope
29%
Red Light Nike Just Do It
29%
The Fool Wett (Water2)
29%
GTBSG Compilation Carwash
28%
Exeter Imaginary
28%
Exeter Mirror (Hymn) - Intro
28%
D&G No Life Left
28%
333 Only One
27%
AvP 1million
26%
Crush Resist (CR_2015) 7th Crush [1st Kiss]
26%
333 Don't Worry
26%
333 Exstasia
26%
Frutta E Verdura Frutta E Verdura
26%
D&G Happily Ever After
26%
Tiger Haters Broke
26%
The Fool I Want It that Way
26%
D&G Numb/Beverly Hills
26%
333 Oh Well
26%
Icedancer Feel Like
25%
PXE No***'s Song
25%
Exeter Open Symbols (Play) Be in Your Mind
25%
AvP Painkillers
25%
Legendary Member Bentley
24%
333 Innocent of All Things
24%
Legendary Member Nervous
23%
D&G Wickr Man
23%
AvP Brokeboy
22%
Legendary Member Kit Kat
22%
In the Abyss: Music for Weddings Outro
22%
AvP Winter
22%
AvP 2X
21%
Legendary Member Beijing
21%
Red Light Fake News
21%
Good Luck Grace
21%
Good Luck Into One
21%
S.O.S Magic
21%
D&G Nosebleed
21%
Exeter Rain3ow Star (Love Is All)
21%
D&G Scarecrows
21%
Sunset in Silver City Smile
21%
In the Abyss: Music for Weddings Smile (Reprise)
21%
Tiger Yr So Beautiful
21%
GTBSG Compilation Bladeecity
20%
D&G Can't Trust
20%
333 Finder
20%
GTBSG Compilation My Magic Is Strong
20%
S.O.S Ruby
20%
GTBSG Compilation Bankaccount
18%
GTBSG Compilation Moon Girl
18%
The Fool Search True
18%
Tiger Shadow Silence
18%
D&G Stalker
18%
D&G Wrong
18%
D&G Climbing
17%
D&G Suffocation
17%
Tiger All My Life
15%
Legendary Member Can't Tell
15%
My Fantasy World Fullmoon
15%
Legendary Member Spinnin
15%
Yin & Yang New City
14%
GTBSG Compilation B with U
13%
GTBSG Compilation I'm Lost
13%
Tiger N°1
13%
S.O.S Nothing 2 Fear
13%
My Fantasy World Deutsche Bank
12%
My Fantasy World Fantasy World
12%
GTBSG Compilation I Will Make You Bleed
12%
In the Abyss: Music for Weddings Could Be Us
10%
GTBSG Compilation Smoke in My Eyes
10%
S.O.S Top Town
10%
Frutta E Verdura Annika
9%
In the Abyss: Music for Weddings Wedding Bells
8%
In the Abyss: Music for Weddings Eternal Hills Highest Crest
7%
In the Abyss: Music for Weddings Gåvor
7%
In the Abyss: Music for Weddings Kisses And Hugs
7%
My Fantasy World Icebox
6%
In the Abyss: Music for Weddings Slow Dance
6%
Karma 13
5%
Lord of the Jewels: Return of the Goon Don't Dance
5%
In the Abyss: Music for Weddings Tar Feathers
5%
Lord of the Jewels: Return of the Goon $180$
4%
In the Abyss: Music for Weddings Cold Nights pt 2
4%
Lord of the Jewels: Return of the Goon Ball Alert
1%
Lord of the Jewels: Return of the Goon F'd Up
1%
Lord of the Jewels: Return of the Goon Gucci Lo
1%
Lord of the Jewels: Return of the Goon Last Days
1%
Lord of the Jewels: Return of the Goon Roll a Dice
1%
No matching quizzes found
Score Distribution
Percent of People with Each Score
Percentile by Number Answered
Your Score History
You have not taken this quiz